000 00450nam a2200169Ia 4500
003 GCL
008 140319s9999 xx 000 0 eng d
040 _aGCL /
_cGCL
082 0 4 _a069.4977
_bS O
100 1 _aSTULZ, PIERRY
245 1 0 _aMUSEUM: MUSEUMS OF BELGRADE ( VOL - XXX111 NO.2, 1981 ) /
_cSTULZ, PIERRY
260 _a[S.N] :
_bUNESCO ،
_c1981
300 _a124 P
650 0 4 _aMUSEUMS
650 0 4 _aBELGRADE - MUSEUMS
942 _2ddc
_cBK
999 _c16454
_d16454